000
00334nam a22001217a 4500
999
_c
455
_d
455
005
20200813111531.0
008
200813b ||||| |||| 00| 0 eng d
020
_a
94752
040
_c
CML
245
_a
Living the Infinity Way.
_c
Coldsmith J.S.
260
_a
London.
_b
Harper & Row
_c
1954
942
_2
ddc
_c
BK
_e
1
_h
200
_m
COL